Central Library OPAC University of Rajshahi

আহরনী / (Record no. 64802)

MARC details
000 -LEADER
fixed length control field 00823nam a2200217 a 4500
001 - CONTROL NUMBER
control field 64802
003 - CONTROL NUMBER IDENTIFIER
rucl marc code BD-RjUL
005 - DATE AND TIME OF LATEST TRANSACTION
control field 20211209081343.0
008 - FIXED-LENGTH DATA ELEMENTS--GENERAL INFORMATION
fixed length control field 170222s1989 ii a|||| |||| 00| 0 eng d
035 ## - SYSTEM CONTROL NUMBER
System control number (BD-RjUL)64932
040 ## - CATALOGING SOURCE
Original cataloging agency BD-RjUL
Language of cataloging ben
Transcribing agency BD-RjUL
Modifying agency BD-RjUL
041 ## - LANGUAGE CODE
Language code of text/sound track or separate title ben
082 ## - DEWEY DECIMAL CLASSIFICATION NUMBER
Edition number 23
Classification number 891.4408
Author mark and year DHA 1989
100 1# - MAIN ENTRY--PERSONAL NAME
Personal name ধর, ধীরেন্দ্রলাল
9 (RLIN) 192138
245 01 - TITLE STATEMENT
Title আহরনী /
Statement of responsibility, etc. ধীরেন্দ্রলাল ধর
260 ## - PUBLICATION, DISTRIBUTION, ETC. (IMPRINT)
Place of publication, distribution, etc. কলিকাতা :
Name of publisher, distributor, etc. শিশুসাহিত্য পরিষদ,
Date of publication, distribution, etc. ১৯৮৯ [১৩৯৬].
300 ## - PHYSICAL DESCRIPTION
Pagination ৪৯২ পৃ. :
Illustrations চিত্র. ;
Size ২২ সেমি.
650 ## - SUBJECT ADDED ENTRY--TOPICAL TERM
Topical term or geographic name as entry element বাংলা সাহিত্য
Form subdivision সংগ্রহ
9 (RLIN) 182973
Topical term or geographic name as entry element Bengali Literature
Form subdivision Collections
9 (RLIN) 188824
942 ## - ADDED ENTRY ELEMENTS (KOHA)
Source of classification or shelving scheme Dewey Decimal Classification
Koha item type Books
Holdings
Lost status Source of classification or shelving scheme Damaged status Not for loan Collection code Permanent Location Current Location Shelving location Date acquired Source of acquisition Cost, normal purchase price Total Checkouts Full call number Date last seen Copy number Koha item type
  Dewey Decimal Classification   Not For Loan Non-fiction Central Library, University of Rajshahi Central Library, University of Rajshahi Reading Room 09/07/1960 Warsi book, Dhaka 4.10   B891.4408 DHA 1989 22/02/2017 C-1 Books